Most Visited Countries (2023) - Statistics

General Stats
  • This quiz has been taken 46 times
  • The average score is 40 of 48
Answer Stats
Tourists Country % Correct
89.4M France
100%
22.1M Canada
98%
65.7M China
98%
32.3M Japan
98%
45M Mexico
98%
24.4M Russia
98%
83.7M Spain
98%
39.4M United Kingdom
98%
79.3M United States
98%
11.3M Egypt
95%
39.6M Germany
95%
64.5M Italy
95%
9.5M Australia
93%
17.9M India
93%
22.1M Poland
93%
24.6M Portugal
93%
7.4M Sweden
93%
31.9M Austria
91%
31.3M Greece
91%
20.1M Netherlands
91%
51.2M Turkey
91%
18M Vietnam
91%
13.3M Denmark
88%
16.9M Hungary
88%
17.5M South Korea
88%
11.8M Switzerland
88%
39.8M Thailand
88%
15.5M Indonesia
86%
12.9M Morocco
86%
16.7M United Arab Emirates
86%
9.3M Belgium
84%
10.9M Ireland
84%
10.2M South Africa
84%
26.1M Malaysia
81%
7.4M Argentina
79%
13.6M Saudi Arabia
79%
17.4M Croatia
77%
7.3M Iran
77%
15.1M Singapore
77%
14.2M Ukraine
77%
8.3M Philippines
74%
14.3M Czechia
72%
9.4M Tunisia
70%
11.9M Taiwan
67%
9.3M Bulgaria
65%
6.6M Cambodia
63%
6.7M Uzbekistan
19%
6.9M Kyrgyzstan
5%
No matching quizzes found
Score Distribution
Percent of People with Each Score
Percentile by Number Answered
Your Score History
You have not taken this quiz